000 01127cam a2200349 4500
001 B1974
008 090401t1988 xxu||||| |||| 00| 0 eng d
035 _a(Sirsi) u47418
041 _aeng
050 _a338.2
110 _aRoyal Institution of Chartered Surveyors
_94900
245 _aMinerals extraction - is it worth it? Joint RICS/IMM conference, Glasgow, September 1988
260 _aLondon
_bRoyal Institution of Chartered Surveyors
_c1988
300 _aca.85 leaves : ill.,map ; 30cm.
350 _a34.95
520 _aPapers by CROWSON,P ; PROCTOR,R. ; FROST,B. ; MILLMORE,M. ; MOFFAT- ,W. ; MASON, D. ; GREAVES,J. ; THOMAS,D.
650 _aBLOOD LEAD LEVELS
650 _aBRITISH COAL OPENCAST EXECUTIVE
650 _aENVIRONMENTAL IMPACT ASSESSMENTS
650 _aGLENSANDA
650 _aLEAD MINING
650 _aLEADHILLS
650 _aOPENCAST COAL MINING
650 _aPLANNING APPLICATIONS
650 _aPLANNING
650 _aQUARRYING
650 _aSCOTLAND
650 _aWANLOCKHEAD
710 _aInstitution of Mining and Metallurgy
_92562
942 _n0
948 _c04/03/1997
999 _c92120
_d92120